[Event "South America-ch U12 17th"]
[Site "Guayaquil"]
[Date "2022.01.29"]
[Round "8"]
[White "Zapana Huarza, Fabricio Elvis"]
[Black "Mendoza Rivas, Edgar Javier"]
[Result "1-0"]
[WhiteElo "1344"]
[BlackElo "1107"]
[PlyCount "109"]
[EventDate "2022.01.25"]
[EventType "swiss"]
[EventRounds "9"]
[EventCountry "ECU"]
[SourceTitle "CBM 206 Extra"]
[Source "ChessBase"]
[SourceDate "2022.03.31"]
[SourceVersion "1"]
[SourceVersionDate "2022.03.31"]
[SourceQuality "1"]

1. d4 Nf6 2. Nf3 d5 3. Bf4 e6 4. e3 Bd6 5. Bg3 b6 6. Nbd2 Bb7 7. Bd3 Ba6 8. Qe2 Bxd3 9. Qxd3 0-0 10. c3 Be7 11. Ne5 Nfd7 12. e4 Nxe5 13. Bxe5 dxe4 14. Qg3 f6 15. Bxc7 Qd5 16. Qh4 e3 17. fxe3 Qxg2 18. 0-0-0 Qc6 19. Bxb8 Raxb8 20. Rhg1 Bb4 21. Kb1 Bd6 22. Rdf1 f5 23. Rf3 Qb5 24. Kc2 Qe2 25. Rh3 h5 26. Qxh5 Qxh5 27. Rxh5 Rfc8 28. Rh6 Kf7 29. Rhg6 Bf8 30. h4 Rc6 31. Nf3 Rd6 32. h5 Rc8 33. Ng5+ Ke7 34. e4 fxe4 35. Re1 Rxd4 36. Rxe6+ Kd8 37. Nxe4 Kd7 38. Nd2 Rh4 39. R6e5 Rc5 40. Re8 Bd6 41. Ra8 Ra5 42. Rg1 Rhxh5 43. Rxg7+ Kc6 44. Rgxa7 Raf5 45. Rc8+ Kd5 46. Kb3 Ke6 47. Re8+ Kd5 48. Nc4 Bc5 49. Rd8+ Ke6 50. Rb7 Be7 51. Rxb6+ Kf7 52. Nd6+ Bxd6 53. Rdxd6 Rb5+ 54. Rxb5 Rxb5+ 55. Kc2 1-0